Technical writing for filipino students (Record no. 2321)

MARC details
000 -LEADER
fixed length control field 00464nam a22001697a 4500
003 - CONTROL NUMBER IDENTIFIER
control field URS
005 - DATE AND TIME OF LATEST TRANSACTION
control field 20220114142108.0
008 - FIXED-LENGTH DATA ELEMENTS--GENERAL INFORMATION
fixed length control field 190823s1995 ph a|||| |||| 00| 0 eng d
020 ## - INTERNATIONAL STANDARD BOOK NUMBER
Terms of availability 971150104X
040 ## - CATALOGING SOURCE
Transcribing agency URS
Modifying agency rda
050 14 - LIBRARY OF CONGRESS CALL NUMBER
Classification number T 11
Item number .A347 1995
100 ## - MAIN ENTRY--PERSONAL NAME
Personal name Alcantara,Rebecca D.
245 10 - TITLE STATEMENT
Title Technical writing for filipino students
Statement of responsibility, etc. Rebecca D. Alcantara
260 ## - PUBLICATION, DISTRIBUTION, ETC.
Place of publication, distribution, etc. QuezonCity:
Name of publisher, distributor, etc. Katha Publishing;
Date of publication, distribution, etc. [1995]
300 ## - PHYSICAL DESCRIPTION
Extent 130 pages:
Dimensions 24 cm.
942 ## - ADDED ENTRY ELEMENTS (KOHA)
Source of classification or shelving scheme Library of Congress Classification
Koha item type Filipiniana
Holdings
Withdrawn status Source of classification or shelving scheme Damaged status Not for loan Collection code Home library Current library Shelving location Date acquired Total Checkouts Full call number Barcode Date last seen Price effective from Koha item type
  Library of Congress Classification     Non-fiction Cainta College Library Cainta College Library On Display 10/20/2017   T11.A347 1995 URSCAI-667 10/20/2017 10/20/2017 Filipiniana
  Library of Congress Classification     Non-fiction Cainta College Library Cainta College Library On Display 10/20/2017   T11.A347 1995 URSCAI-654 10/20/2017 10/20/2017 Filipiniana
  Library of Congress Classification     Non-fiction Cainta College Library Cainta College Library   10/20/2017   T11.A347 1995 URSCAI-653 10/20/2017 10/20/2017 Filipiniana

University of Rizal System
Email us at univlibservices@urs.edu.ph

Visit our Website www.urs.edu.ph/library